000 00692nam a2200229 u 4500
001 000003543
003 DO-SdBNP
005 20220927090558.0
007 ta
008 090710s2006 sp r 000 0 spa d
040 _aDO-SdBNP
_bspa
_cBNPHU
082 _a017.8
_bC357
110 1 _910962
245 1 0 _aExpo Cibao 2006 :
_bcatálogo de participantes
260 _aSantiago de los Caballeros :
_bCámara de Comercio y Producción de Santiago,
_c2006
300 _a64 p. ;
_c29 cm.
590 _aInventariado, 2022 / DG
650 1 4 _xEXPOSICIONES-REPUBLICA DOMINICANA-CIBAO
_910963
650 1 4 _aFERIAS COMERCIALES-REPUBLICA DOMINICANA-CIBAO
_982438
910 _aDG
942 _2ddc
_cLBS1
999 _c52476
_d52476